Statistics for Ant-Man and The Wasp Quiz (SPOILERS)

Click here to take the quiz!

General Stats

  • This quiz has been taken 15 times
  • The average score is 10 of 14

Answer Stats

ActorRole% Correct
Evangeline LillyHope van Dyne/The Wasp
100%
Paul RuddScott Lang/Ant-Man
100%
Michael DouglasHank Pym
83%
Michelle PfeifferJanet van Dyne
83%
Hannah John-KamenAva Starr/Ghost
67%
Abby Ryder FortsonCassie Lang
67%
Randall ParkJimmy Woo
67%
Michael PeñaLuis
67%
Laurence FishburneBill Foster
58%
Bobby CannavalePaxton
58%
Walton GogginsSonny Burch
58%
T.I.Dave
50%
David DastmalchianKurt
50%
Judy GreerMaggie
42%

Score Distribution

Percentile by Number Answered

Percent of People with Each Score

Your Score History

You have not taken this quiz